000 01664cam a22004934i 4500
003 PE-LiUPU
005 20250731165627.0
008 150616s r 000 0 d
035 _a(Sirsi) a6244
035 _a(Sirsi) a6244
040 _aPE-LiUPU
_bspa
_cPE-LiUPU
_erda
049 _aPRUA
082 0 4 _a225.03
_bP47N
_221
100 1 _aPetter, Hugo M.,
_eautor.
245 1 3 _aLa Nueva Concordancia Greco-Española del Nuevo Testamento con Indices /
_cHugo M. Petter.
264 1 _aEspaña :
_bEditorial Mundo Hispano,
_c1976.
300 _a681 páginas ;
_c22 cm.
336 _atext
_2rdacontent
337 _aunmediated
_2rdamedia
338 _avolume
_2rdacarrier
505 0 _aConcordancias: Alfa - Omega.
526 _aSEG44
526 _aSEG26
526 _aP151
526 _aP150
526 _aP149
526 _aP146
526 _aP145
526 _aP126
526 _aP125
526 _aP92
526 _aP75
526 _aP74
526 _aP27
526 _aP15
630 _aBiblia.
_pN.T.
_vConcordancias.
910 _ajck
_bjvq
_cjck
942 _2ddc
_cBOOK
949 _aRC 225.03 P47N
_wDEWEY
_c1
_i39705
_lRC
_mBUL
_r0
_sY
_tBOOK
_u2015-6-16
_xTEOLOGIA
_zUNKNOWN
_0COMPRA
_o.CIRCNOTE. No olvidar cambiar la fecha de devolución!!!!!!!
_o.STAFF. Colección General
994 _aC0
_bPEPRU
596 _a1
999 _aRC 225.03 P47N
_wDEWEY
_c57356
_i39705
_d57356
_f2021-11-8
_g6
_lCCODEBUL1
_mBUL
_q3
_r1
_sY
_tBOOK
_u2015-6-16
_xTEOLOGIA
_zUNKNOWN
_0COMPRA
_o.CIRCNOTE. No olvidar cambiar la fecha de devolución!!!!!!!
_o.STAFF. Colección General
980 _81
_gALBERTO SANCHEZ Responsable de Automatización